01212aab a2200217 4500001001000000003001000010005001700020008004100037022001400078040004100092041000800133100003300141245004600174300005800220520056100278650002300839773009500862942000800957945001200965999001700977768714001CO-MdFUSB20240531145347.0170509s1993 cr ||||| |||| 00| 0 spa d a1409-1968 aCO-MdFUSBbspacCO-MdFUSBdCO-MdFUSB aspa1 aSilva, José (1914-)eautor10a¿Cuál es tu arquetipo?c/ José Silva aVolumen 10. Número 5 (1993), páginas 38c: 27 cm. aAdmirar significa valorar los aspectos positivos en otras personas, y si esas características son verdaderamente sorprendentes, pues hasta tendremos una especie de codicia santa en tener esas características de tal o cual persona. Sin embargo, una cosa es desear mejorar en nuestra vida para alcanzar para alcanzar victorias personales en el carácter, tal como otros lo han hecho, pero un mal enfoque de esto puede llevarnos , aun sin darnos cuenta, a buscar modelos terrenales, perdiendo de vista el gran modelo que fue puesto delante de nosotros. 7aCristología92390 tApuntes Pastorales049442960186gVolumen 10. Número 5 (1993), páginas 38qPágina 38 cANA aJTF-925 c49789d49789